000 01198nam a2200277Ia 4500
001 18082
003 GE_BSU
008 181216s||||||||xx |||||||||||||| ||und||
020 _a9994025988
040 _cGE_BSU
080 _a811.133.1'373
100 _aაბაშიძე,ნათია. Abashidze, Natia
245 _aპრაქტიკული ფონეტიკის სალექციო კურსი ფრანგულ ენაში=Cours pratique de la phonetique francaise
245 _cრედ. ნ. სურგულაძე. შემდგ. ნ. აბაშიძე
260 _aბათუმი
260 _bბათუმის უნივერსიტეტი
260 _c2006
300 _a125გვ.21სმ.
300 _eცხრ.115-123. ბიბლ.გვ.124
541 _h6ლ.
653 _aCours pratique de la phonetique francaise
653 _aპრაქტიკული ფონეტიკის სალექციო კურსი ფრანგულ ენაში
653 _aფონეტიკა, ფონოლოგია
653 _aფრანგული ენა
942 _cBK
999 _c51125
_d51125